| 000 | 00862nam a2200265 4500 | ||
|---|---|---|---|
| 001 | 45175 | ||
| 010 | _a9789896686321 | ||
| 021 | _b460519/19 | ||
| 090 | _a45175 | ||
| 100 | _a20200608d2019 m y0pory50030103ba | ||
| 101 | 1 | _apor | |
| 102 | _aPT | ||
| 200 | 1 |
_aComo aproveitar ao máximo a era digital _fTom Chatfield _gtrad. João Henriques |
|
| 210 | 9 |
_aAlfragide _cLua de Papel, _cdist. Expresso _d2019 |
|
| 215 |
_a175, [9] p. _d19 cm |
||
| 225 | _aThe School of Life | ||
| 304 | _aTít. orig.: How to thrive in the digital age | ||
| 305 | _aEd. especial: The School of Life / Expresso | ||
| 675 |
_a004.73 _vBN _zpor |
||
| 675 |
_a316.77 _vBN _zpor |
||
| 700 | 1 |
_aChatfield, _bTom |
|
| 702 | 1 |
_93 _aHenriques, _bJoão _4730 |
|
| 801 | 0 |
_aPT _bBN _gRPC |
|
| 856 | 4 | 1 | _uhttp://rnod.bnportugal.gov.pt/ImagesBN/winlibimg.aspx?skey=&doc=2047397&img=139688&save=true |
| 990 | _cLIVROS | ||